Finis les paroles - Dinos - Statistiques

Statistiques générales
  • Ce quiz a été pris 173 fois
  • Le résultat moyen est 9 sur 12
Statistiques - réponses
Hint Réponse % Correct
Bébé, laisse-moi fermer les yeux et avancer dans l’noir, parce que toutes les rues que j’vois m’rappellent un souvenir avec... toi
97%
Y a pas d’étrangers, y a juste des gens qui s’connaissent pas et des gens qui s’connaissent qui sont comme des... étrangers
88%
Si t’as une mauvaise réponse c’est que t’as une mauvaise... question
88%
J’te trouve toujours belle mais juste moins qu’avant, les ignorants sont plus heureux que les... savants
83%
La sentence est irrévocable, l’amour devrait être remboursé par la.... Sécurité Sociale
82%
En panique, j'ai voulu faire une croix sur toi, mettre un voile sur mon cœur mais l'amour est un établissement... laïque
81%
peut-être que les étoiles n’exaucent juste pas les.. vœux
81%
Tellement d’maléfices, maman disait qu’les prières sont plus sincères à l’hosto’ qu’à l’... Eglise
74%
C'est même plus triste, c'est juste comme d'.. hab
71%
À vrai dire, j’ai eu du mal à démarrer, ce matin sans ton message dans lequel tu m’souhaites une bonne journée, ni mon cœur, ni mon téléphone, je ne veux plus faire.... vibrer
66%
J'veux de l’or pour ma mère, j’veux du love pour moi-même, j'veux qu’tu dormes sur ma... peine
50%
La nuit, je regarde le ciel comme si j'étais.. Galilée
7%
Aucun quiz correspondant
Distribution des résultats
% des personnes avec chaque résultat
Percentile par nombre de réponses
Votre historique - résultats
Vous n’avez pas pris ce quiz